Den of Thieves 2: Pantera / directed and written by Christian Gudegast ; produced by Tucker Tooley (Record no. 20883)

000 -LEADER
fixed length control field 01276nam a22003257a 4500
008 - FIXED-LENGTH DATA ELEMENTS--GENERAL INFORMATION
fixed length control field 250528b xxu||||| |||| 00| 0 eng d
040 ## - CATALOGING SOURCE
Original cataloging agency Cagayan State University
082 ## - DEWEY DECIMAL CLASSIFICATION NUMBER
Classification number 791.4372
Item number D391
245 ## - TITLE STATEMENT
Title Den of Thieves 2: Pantera / directed and written by Christian Gudegast ; produced by Tucker Tooley
260 ## - PUBLICATION, DISTRIBUTION, ETC. (IMPRINT)
Place of publication, distribution, etc United States :
Name of publisher, distributor, etc Lionsgate,
Date of publication, distribution, etc 2025
300 ## - PHYSICAL DESCRIPTION
Extent 1 videofile, (ca. 144mins.) :
Other physical details sound, color.
520 ## - SUMMARY, ETC.
Summary, etc Butler returns as Big Nick (Butler), this time on the hunt in Europe for Donnie (Jackson Jr.) who is embroiled in the dangerous world of diamond thieves and the infamous Panther mafia as they plot a massive heist of the world's biggest diamond exchange.
546 ## - LANGUAGE NOTE
Language note In English subtitle.
650 ## - SUBJECT ADDED ENTRY--TOPICAL TERM
Topical term or geographic name as entry element Action.
650 ## - SUBJECT ADDED ENTRY--TOPICAL TERM
Topical term or geographic name as entry element Crime.
650 ## - SUBJECT ADDED ENTRY--TOPICAL TERM
Topical term or geographic name as entry element Drama
650 ## - SUBJECT ADDED ENTRY--TOPICAL TERM
Topical term or geographic name as entry element Thriller.
700 ## - ADDED ENTRY--PERSONAL NAME
Personal name Butler, Gerald, star.
700 ## - ADDED ENTRY--PERSONAL NAME
Personal name Jackson, O'Shea Jr., star.
700 ## - ADDED ENTRY--PERSONAL NAME
Personal name Ahmad, Evin, star.
700 ## - ADDED ENTRY--PERSONAL NAME
Personal name Esposito, Salvatore, star.
700 ## - ADDED ENTRY--PERSONAL NAME
Personal name Wiliams, Meadow, star.
700 ## - ADDED ENTRY--PERSONAL NAME
Personal name Temmel, Swen, star.
700 ## - ADDED ENTRY--PERSONAL NAME
Personal name Stacey, Terry, cinematographer.
700 ## - ADDED ENTRY--PERSONAL NAME
Personal name Nordh, Roberth, editor.
700 ## - ADDED ENTRY--PERSONAL NAME
Personal name Butler, Gerard, producer
700 ## - ADDED ENTRY--PERSONAL NAME
Personal name Siegel, Alan, producer
700 ## - ADDED ENTRY--PERSONAL NAME
Personal name Canton, Mark, producer.
942 ## - ADDED ENTRY ELEMENTS (KOHA)
Source of classification or shelving scheme
Item type Audio-Visual Materials
Holdings
Price effective from Permanent location Date last seen Not for loan Date acquired Source of classification or shelving scheme Koha item type Damaged status Lost status Shelving location Withdrawn status Current location Full call number
2025-05-28Cagayan State University - Carig Library2025-05-28 2025-05-28 Audio-Visual Materials  Electronic Media Center Cagayan State University - Carig Library791.4372 D391

Cagayan State University University Library, Carig Campus
Tuguegarao City, Cagayan 3500 | www.csucarig.edu.ph

Powered by Koha